000 00437nam a2200157Ia 4500
008 231217s9999 xx 000 0 und d
041 _aEnglish
082 _a658.82 CHU1;1 R
100 _aChunawalla, S A Sethia, K C
245 3 _aAn introduction to advertising and marketing research
250 _a2nd ed.
260 _c2001
_bMumbai : Himalaya,
300 _a393
650 _aAn,advertising,marketing,research
942 _cAA
999 _c169096
_d169096